Rǧimen jurd̕ico civil de los animales de compana̕

Detalles Bibliográficos
Autor principal: Gil Membrado, Cristina
Formato: eBook
Lenguaje:español
Publicado: Madrid: Dykinson, 2014
Materias:
Acceso en línea:Acceso restringido

MARC

LEADER 00000nam a22000007a 4500
005 20141021215615.0
007 cr|||| ||||
008 141021s2014 es |||||s|||| 00||0 spa d
020 |a 978-84-9085-120-3 
035 |a 12472 
040 |a vLex 
090 |c 5259  |d 5259 
100 1 |a Gil Membrado, Cristina 
245 1 0 |a Rǧimen jurd̕ico civil de los animales de compana̕  |h [Recurso electrn̤ico] /  |c Cristina Gil Membrado 
256 |a Servicio en ln̕ea 
260 |a Madrid:  |b Dykinson,  |c 2014 
300 |a 1 recurso electrn̤ico 
500 |a Como Director de las Colecciones de Monografa̕ de Derecho civil de la editorial Dykinson, debo reconocer que es esta que el lector tiene en sus manos la n︢ica que se resiste a ser catalogada de modo incontestable en una y otra de las colecciones de este sello editorial. ¿Propiedad, Contratos o Responsabilidad civil? A los animales se les ha tratado por los civilistas casi siempre desde perspectivas excluyentes: o la de la responsabilidad civil o en sede de adquisicin̤ de la propiedad como resultado de la ocupacin̤, as ̕como, a lo sumo, en materia de compraventa y vicios ocultos. Pero la gran novedad de la presente aportacin̤ est ̀en que los animales, y muy seąladamente los de compaą̕, son vistos de un modo pretendidamente exhaustivo desde los muy diversos escenarios del Derecho civil que tienen algo que decir sobre ellos. Ocupacin̤, hallazgo, compraventa, saneamiento, crisis matrimoniales en las que la tenencia de los animales forma parte de los convenios reguladores, tenencia compartida, acogimiento de animales de compaą̕, relaciones de vecindad, propiedad horizontal, inmisiones y acciones de cesacin̤, responsabilidad civil por el daǫ causado por el animal, responsabilidad de los veterinarios… son algunas de las variadas cuestiones que se tratan en la presente obra. 
506 1 |a Disponible solo en los productos indicados  |d vLex Global  |d vLex Global (Academic Edition, excluding Law Schools)  |d vLex Global (U.S. Academic Edition, Law Schools)  |d vLex Global (U.S. Academic Edition, excluding Law Schools)  |d vLex Global (Academic Edition, Law Schools) 
650 0 4 |a Derecho Civil  |z Espaą 
650 0 4 |a Derechos Reales  |z Espaą 
740 0 |a vLex Libros (Servicio en ln̕ea) 
856 4 0 |u http://vlex.com/source/regimen-juridico-civil-de-los-animales-de-compania-12472  |z Acceso restringido 
942 |c BOOK 
999 0 |a Civil Law 
999 0 |a Real Rights